000 01827cam a2200349 4500
001 12236
005 20230410120815.0
008 060907s1991 enk b 000 0 eng d
020 _a0850364191
020 _a0850364200
035 _9funglode12332
041 _aeng
050 1 4 _aHX 15
_bS678 1991
082 0 0 _a335
245 0 0 _aSocialist register 1991 :
_bcommunist regimes: the aftermath /
_cedited by Ralph Miliband and Leo Panitch
246 3 0 _aCommunist regimes: the aftermath.
260 _aLondon :
_bThe Merlin Press,
_c1991.
300 _a389 p. ;
_c21 cm.
500 _aVariación de título tomado de la cubierta.
504 _aIncluye referencias bibliográficas.
505 0 _aThe communist experience: a personal appraisal -- Perestroika and the proletariat -- A future of socialism in the USSR? -- The struggle for power in the soviet economy -- Perestroika and the neo-liberal project -- "Real socialism" in historical perspective -- The roots of the present crisis in the soviet economy -- Privilegentsia, property and power -- For a socialist rebirth: a soviet view -- Marketization and privatization: the polish case -- From where to where? Reflections on Hungary's social revolution -- Nicaragua: a revolution that fell from grace of the people -- Soviet rehearsal in Yugoslavia? Contradictions of the socialist liberal strategy -- The socialist fetter: a cautionary tale -- What comes after communist regimes?
650 0 _aSocialism
_vPeriodicals
650 0 _aSocialism
_xRevolutions and socialism
650 4 _aSocialismo
_xRevoluciones y socialismo
650 0 _aCommunism
_vPeriodicals.
650 0 _aWorld politics
_y1989-
_vPeriodicals.
650 4 _aComunismo
650 4 _aPolítica mundial
_y1989-
700 1 _aMiliband, Ralph
700 1 _aPanitch, Leo
942 _2lcc
_cbk
999 _c52265
_d52265